Which country in Indochina? (multiple choice) - Statistics

General Stats
  • This quiz has been taken 35 times
  • The average score is 10 of 15
Answer Stats
Question Answer % Correct
Smallest population Laos
100%
Landlocked Laos
100%
Southernmost point Malaysia
100%
Northernmost point Myanmar
100%
Largest area Myanmar
100%
Busiest airport (by passenger traffic) Thailand
100%
Most international tourists Thailand
100%
Largest population Vietnam
100%
Smallest GDP per capita Cambodia
50%
Busiest port (by container traffic) Malaysia
50%
Highest mountain Myanmar
50%
Most populous urban area Thailand
50%
Largest GDP per capita Malaysia
0%
Longest coastline Malaysia
0%
Most islands Vietnam
0%
No matching quizzes found
Score Distribution
Percent of People with Each Score
Percentile by Number Answered
Your Score History
You have not taken this quiz